The auto CAD reference guide : release 13 (Record no. 233175)

MARC details
000 -LEADER
fixed length control field 00440nam a2200169Ia 4500
005 - DATE AND TIME OF LATEST TRANSACTION
control field 20241206164102.0
008 - FIXED-LENGTH DATA ELEMENTS--GENERAL INFORMATION
fixed length control field 231221s9999 xx 000 0 und d
020 ## - INTERNATIONAL STANDARD BOOK NUMBER
International Standard Book Number 9780387947235
082 ## - DEWEY DECIMAL CLASSIFICATION NUMBER
Classification number 001.6424AUT KEN;1 R
100 ## - MAIN ENTRY--PERSONAL NAME
Personal name Kent, Dorothy.
245 #4 - TITLE STATEMENT
Title The auto CAD reference guide : release 13
250 ## - EDITION STATEMENT
Edition statement 3rd ed.
260 ## - PUBLICATION, DISTRIBUTION, ETC. (IMPRINT)
Date of publication, distribution, etc. 1996
Name of publisher, distributor, etc. Springer
Place of publication, distribution, etc. New York
300 ## - PHYSICAL DESCRIPTION
Extent xi, 613
650 ## - SUBJECT ADDED ENTRY--TOPICAL TERM
Topical term or geographic name as entry element auto,CAD,release,13
942 ## - ADDED ENTRY ELEMENTS (KOHA)
Koha item type Arch Books
Holdings
Date last seen Total Checkouts Full call number Accession number Old discount Cost, replacement price Price effective from Category Lost status Source of classification or shelving scheme Damaged status Department Withdrawn status bill no. Permanent Location Current Location Shelving location Entry date Vendor Cost, normal purchase price Grants Currency symbol Conversion rate Discount Discount type
26/01/2024   001.6424AUT KEN;1 R AR823 30 5460.31 26/01/2024 Arch Books   Dewey Decimal Classification       1268 Architecture Library Architecture Library ARCH 17/03/2017 Surya Book Supplier 104.99 ARCH EURO 74.3 31.5 Rupees

© For any Suggestions or Query, please contact the library staff @ librarian@pes.edu or Phone: +9180 2672 1983/ 2108.